Click The Countries! - Statistics

General Stats
  • This quiz has been taken 49 times
  • The average score is 37 of 45
Answer Stats
Question Tile Select % Correct
Click all the countries that are in Asia Albania No
100%
Click all the countries that are in Asia Canada No
100%
Click all the countries that are in Asia Iceland No
100%
Click all the countries that are in Asia Lithuania No
100%
Click all the countries that are in Asia Peru No
100%
Click all the countries whose capital city starts with an L Iran No
98%
Click all the countries that are in Asia Taiwan Yes
98%
Click all the countries whose capital city starts with an L Algeria No
95%
Click all the countries that are in Asia East Timor Yes
95%
Click all the countries who has English as an official language New Zealand Yes
95%
Click all the countries who has English as an official language Romania No
95%
Click all the countries who has English as an official language Uruguay No
95%
Click all countries with a population of over 100 million people Brazil Yes
93%
Click all the countries whose capital city starts with an L Georgia No
93%
Click all the countries who has English as an official language Nepal No
93%
Click all the countries whose capital city starts with an L Portugal Yes
93%
Click all the countries whose capital city starts with an L United Kingdom Yes
93%
Click all the countries who has English as an official language Egypt No
91%
Click all the countries who has English as an official language Cuba No
89%
Click all countries with green in their flag Malta No
86%
Click all countries with a population of over 100 million people Bangladesh Yes
84%
Click all countries with a population of over 100 million people Canada No
84%
Click all countries with a population of over 100 million people Russia Yes
84%
Click all the countries whose capital city starts with an L Peru Yes
82%
Click all countries with green in their flag Portugal Yes
82%
Click all countries with a population of over 100 million people United Kingdom No
82%
Click all the countries who has English as an official language South Africa Yes
80%
Click all the countries who has English as an official language Iceland No
77%
Click all countries with green in their flag Indonesia No
77%
Click all the countries whose capital city starts with an L Nigeria No
77%
Click all the countries that are in Asia Papua New Guinea No
75%
Click all the countries that are in Asia Cyprus Yes
73%
Click all countries with green in their flag Turkmenistan Yes
73%
Click all countries with green in their flag Botswana No
70%
Click all countries with green in their flag Fiji No
70%
Click all the countries who has English as an official language Singapore Yes
70%
Click all countries with a population of over 100 million people Turkey No
70%
Click all countries with a population of over 100 million people Iran No
68%
Click all the countries whose capital city starts with an L Slovenia Yes
68%
Click all countries with green in their flag Zimbabwe Yes
68%
Click all countries with a population of over 100 million people Phillipines Yes
59%
Click all countries with a population of over 100 million people Ethiopia Yes
55%
Click all countries with green in their flag South Sudan Yes
52%
Click all the countries whose capital city starts with an L Gabon Yes
41%
Click all countries with green in their flag Haiti Yes
25%
No matching quizzes found
Score Distribution
Percent of People with Each Score
Percentile by Number Answered
Your Score History
You have not taken this quiz